00393 a2200121 4500001001000000005001700010008004100027245008100068100002100149700002300170700001900193773005900212ART_3406920260410161827.0260409a 10a¿Qué atributos valora el consumidor marplatense en las prendas de vestir?1 aLiseras, Natacha1 aBelmartino, Andrea1 aBerges, Miriam0 tFACESg- Año 20, Nº 42/43 (ene./dic. 2014)wREV5046